000 00467nam a2200205Ia 4500
005 20250425161432.0
008 250425s9999 xx 000 0 und d
020 _a0879420618
041 _aeng
082 _a535.89
100 _aGLOGE, DETLEF
245 0 _aOPTICAL FIBER TECHNOLOGY
250 _aS.E.
260 _aEstados Unidos
_bIEEE PRESS
_c1976
260 _aNEW YORK
300 _a429
650 _aFIBRAS OPTICAS
942 _c01
010 _a20236
999 _c209188
_d209188